| 000 | 01660nam a22002057a 4500 | ||
|---|---|---|---|
| 003 | OSt | ||
| 005 | 20250311163203.0 | ||
| 008 | 250311b ||||| |||| 00| 0 eng d | ||
| 020 | _a9781455728107 | ||
| 040 | _cWIUC | ||
| 050 | _aRC76.J37 | ||
| 100 |
_aJarvis, Carolyn. _9459 |
||
| 245 |
_aPhysical examination & health assessment. / _cJarvis, Carolyn. |
||
| 250 | _a7th ed. | ||
| 260 |
_aSt. Louis, Missouri: _bElsevier, _c2016. |
||
| 300 | _axv, 874 p.: | ||
| 504 | _aIncludes bibliographical references and index | ||
| 505 | _aContents: Assessment of the whole person - Evidence-based assessment -- Cultural competence -- The interview -- The complete health history -- Mental status assessment -- Substance use assessment -- Domestic and family violence assessments-- Approaching to the clinical setting -- Assessment techniques and safety in the clinical setting -- General survey, measurement, vital signs -- Nutritional assessment -- Physical examination --skin, hair, and nails -- Head, face, and neck, including regional lymphatics -- Eyes -- Ears -- Nose, mouth, and throat -- Breasts and regional lymphatics -- Thorax and lungs -- Heart and neck vessels -- Peripheral vascular system and lymphatic system -- Abdomen -- Musculoskeletal system -- Neurologic system -- Male genitourinary system -- Anus, rectum, and prostate -- Female genitourinary system -- Integration: Putting it all together -- The complete health assessment:adult -- The complete physical assessment: infant, child, and adolescent -- Bedside assessment and electronic health recording -- The pregnant woman -- Functional assessment of the older adult -- | ||
| 942 |
_2lcc _cBK |
||
| 999 |
_c10468 _d17968 |
||